Ecosistemas de negocios, innovación y emprendimiento : un marco de referencia y un caso de aplicación /

Bibliographic Details
Main Author: Ortiz Pabón, Efraín (Author)
Format: Electronic eBook
Language:Spanish
Published: Bogotá, D.C. : Editorial Pontificia Universidad Javeriana, [2023]
Edition:Primera edición.
Series:Colección Libros de investigación (Pontificia Universidad Javeriana)
Ingenierías, arquitectura, diseño y urbanismo ; 1.
Subjects:
Online Access:Digitalia Hispánica

MARC

LEADER 00000nam a2200000 i 4500
001 DIGEPUJ0434
003 NyNyDIG
007 cr |||||||||||
008 240112s2023 ck a ob 000 0 spa d
006 m o d
035 |a (OCoLC)1415898394 
040 |a DGITA  |b eng  |e rda  |e pn  |c DGITA 
020 |a 9789587818093  |q (digital) 
020 |z 9789587818086  |q (impreso) 
024 7 |a 10.11144/Javeriana.9789587818093  |2 doi 
050 1 4 |a HD30.28 ebook 
100 1 |a Ortiz Pabón, Efraín,  |e author. 
245 1 0 |a Ecosistemas de negocios, innovación y emprendimiento :  |b un marco de referencia y un caso de aplicación /  |c Efraín Ortiz Pabón. 
250 |a Primera edición. 
264 1 |a Bogotá, D.C. :  |b Editorial Pontificia Universidad Javeriana,  |c [2023] 
300 |a 1 online resource :  |b illustrations. 
336 |a text  |b txt  |2 rdacontent 
337 |a computer  |b c  |2 rdamedia 
338 |a online resource  |b cr  |2 rdacarrier 
347 |a text file  |2 rdaft 
347 |b EPUB 
490 1 |a Colección Libros de investigación 
490 1 |a Ingenierías, arquitectura, diseño y urbanismo ;  |v I 
504 |a Includes bibliographical references. 
588 0 |a Online resource; title from ePub title page (Digitalia, viewed January 12, 2024) 
650 0 |a Business planning. 
650 0 |a Business  |x Technological innovations. 
650 0 |a Entrepreneurship. 
791 2 |a Digitalia (Firm),  |e distributor. 
793 0 |g Digitalia eBook Collection:  |a Pontificia Universidad Javeriana 
776 0 8 |i Print version:  |a Ortiz Pabón, Efraín.  |t Ecosistemas de negocios, innovación y emprendimiento.  |b Primera edición.  |d Bogotá, D.C. : Editorial Pontificia Universidad Javeriana, [2023]  |z 9789587818086 
830 0 |a Colección Libros de investigación (Pontificia Universidad Javeriana) 
830 0 |a Ingenierías, arquitectura, diseño y urbanismo ;  |v 1. 
856 4 0 |3 Digitalia Hispánica  |u https://www.digitaliapublishing.com/a/133214/ 
910 |a Premium collection: 2024